000 00384nam a22001457a 4500
005 20250514141743.0
008 250514b |||||||| |||| 00| 0 eng d
020 _a9780787900304
050 _aHF5548
_b.8 VRO
100 _aVroom, Victor H.
245 _aWork and motivation
260 _aSan Francisco
_bJossey-Bass Inc. Publishers
_cc1995
300 _axxix,397p
942 _2lcc
_cBK
_n0
999 _c5763
_d5763